| 000 | 01064cam a22002775a 4500 | ||
|---|---|---|---|
| 001 | L159824 | ||
| 008 | 180302s2017 xxk f 001 0 eng d | ||
| 020 | _a9781315538020 | ||
| 035 | _a(Sirsi) u159824 | ||
| 041 | 0 | _aeng | |
| 050 | 0 | 4 | _a336.2 $2 18 |
| 100 | 1 | _aBond, Patrick H. | |
| 245 | 0 | 0 |
_aRating valuation _bprinciples and practice _h[electronic resource] |
| 250 | _a4th ed. | ||
| 260 |
_aLondon _bTaylor&Francis _c2017 |
||
| 300 | _aeBook | ||
| 520 | _aProvides a comprehensive guide for students and practitioners on rating law and practice and rating valuation issues. Additional features of this edition include 2017 Rating Revaluation with Check Challenge and Appeal Procedures and up to date case law. | ||
| 520 | _aSupersedes the 3rd edition (ISBN 9780080966892 ) | ||
| 521 | _aAdvanced | ||
| 650 | 2 | 4 | _aEBOOK |
| 651 | 4 |
_aEngland and Wales _y1543- |
|
| 690 | _aFinance and taxation | ||
| 700 | 1 | _aBrown, Peter K. | |
| 856 | 4 | 0 |
_uhttps://www.vlebooks.com/ _zView on VLEbooks. Logins for members only from [email protected] |
| 942 | _n0 | ||
| 999 |
_c116128 _d116128 |
||